Statistics for Popular Australian Boys Names

Click here to take the quiz!

General Stats

  • This quiz has been taken 355 times
  • The average score is 14 of 50

Answer Stats

Answer% Correct
jack
67%
james
67%
william
60%
harry
53%
oliver
52%
thomas
52%
liam
51%
jacob
45%
benjamin
44%
ethan
44%
samuel
43%
joshua
42%
alexander
40%
luca
40%
henry
38%
noah
38%
ryan
36%
lucas
33%
nathan
33%
zach
32%
charlie
31%
elijah
25%
isaac
24%
jackson
24%
oscar
24%
aiden
23%
mason
23%
max
23%
tyler
23%
lachlan
22%
jayden
21%
leo
21%
connor
18%
riley
17%
harrison
16%
mitchell
16%
xavier
14%
hunter
12%
sebastian
12%
archie
10%
cooper
10%
hayden
8%
kai
8%
levi
8%
blake
7%
flynn
7%
ashton
5%
lincoln
4%
zachery
2%
archer
1%

Score Distribution

Percentile by Number Answered

Percent of People with Each Score

Your Score History

You have not taken this quiz